[Event "Basel op"]
[Site "Basel"]
[Date "2015.01.05"]
[Round "7"]
[White "Janasik, Gerhard"]
[Black "Haener, Philippe"]
[Result "1-0"]
[WhiteElo "1998"]
[BlackElo "2163"]
[PlyCount "80"]
[EventDate "2015.01.01"]
[EventType "swiss"]
[EventRounds "7"]
[EventCountry "SUI"]
[SourceTitle "CBM 164 Extra"]
[Source "ChessBase"]
[SourceDate "2015.03.02"]
[SourceVersion "1"]
[SourceVersionDate "2015.03.02"]
[SourceQuality "1"]

1. e4 c5 2. Nf3 e6 3. d4 cxd4 4. Nxd4 Nc6 5. Nc3 Qc7 6. g3 a6 7. Bg2 Nf6 8. 0-0 Be7 9. Nce2 0-0 10. c4 Rd8 11. Nc3 Rb8 12. b3 d6 13. Bb2 Nxd4 14. Qxd4 b5 15. cxb5 axb5 16. Rfc1 Qc5 17. Nd5 exd5 18. Rxc5 dxc5 19. Qe5 Bd6 20. Qg5 h6 21. Qh4 d4 22. b4 Kh7 23. f4 Be7 24. bxc5 g6 25. g4 Nd5 26. g5 Ne3 27. Qxh6+ Kg8 28. c6 Rb6 29. c7 Rdd6 30. Bh3 Ng4 31. Qh4 f5 32. exf5 gxf5 33. Re1 Re6 34. Rxe6 Rxe6 35. Bxg4 Bc5 36. Bxf5 d3+ 37. Kf1 d2 38. Bxe6+ Bxe6 39. Ke2 Bb4 40. c8Q+ Bxc8 1-0

[Event "Basel op"]
[Site "Basel"]
[Date "2014.01.02"]
[Round "3"]
[White "Haener, Philippe"]
[Black "Lerch, Patrice"]
[Result "0-1"]
[WhiteElo "2169"]
[BlackElo "2383"]
[PlyCount "64"]
[EventDate "2014.01.01"]
[EventType "swiss"]
[EventRounds "7"]
[EventCountry "SUI"]
[SourceTitle "CBM 158 Extra"]
[Source "ChessBase"]
[SourceDate "2014.02.28"]
[SourceVersion "1"]
[SourceVersionDate "2014.02.28"]
[SourceQuality "1"]

1. d4 Nf6 2. c4 e6 3. g3 d5 4. Nf3 Be7 5. Bg2 0-0 6. 0-0 dxc4 7. Qc2 a6 8. Qxc4 b5 9. Qc2 Bb7 10. Bd2 Be4 11. Qc1 b4 12. Bf4 Nd5 13. Nbd2 Nxf4 14. gxf4 Bd5 15. e3 Nd7 16. Nb3 c5 17. Nxc5 Nxc5 18. dxc5 Rc8 19. Rd1 Rxc5 20. Qd2 Qa8 21. Ne1 Bxg2 22. Nxg2 Qf3 23. Qd7 Bf6 24. Rac1 Rh5 25. Rc8 g6 26. Rdc1 Rd5 27. Qa4 a5 28. Qc2 Rxc8 29. Qxc8+ Kg7 30. Qc2 Rh5 31. Ne1 Qg4+ 32. Kh1 Qh3 0-1

[Event "Basel Hilton op 13th"]
[Site "Basel"]
[Date "2011.01.05"]
[Round "7"]
[White "Haener, Philippe"]
[Black "Clausen, Martin"]
[Result "1/2-1/2"]
[WhiteElo "2180"]
[BlackElo "2082"]
[PlyCount "86"]
[EventDate "2011.01.01"]
[EventType "swiss"]
[EventRounds "7"]
[EventCountry "SUI"]
[SourceTitle "EXT 2012"]
[Source "ChessBase"]
[SourceDate "2011.11.24"]
[SourceVersion "1"]
[SourceVersionDate "2011.11.24"]
[SourceQuality "1"]

1. e4 d5 2. exd5 Nf6 3. d4 Bg4 4. Nf3 Qxd5 5. Be2 e6 6. 0-0 Be7 7. c4 Qd8 8. Qb3 Qc8 9. Nc3 0-0 10. Be3 c6 11. Rac1 Nbd7 12. h3 Bh5 13. Rfd1 b6 14. Qa4 Qb7 15. Rd2 Rac8 16. Bf4 Rfd8 17. Rcd1 Bf8 18. b4 Nb8 19. Qb3 h6 20. a4 a6 21. Be3 Be7 22. Kf1 Bf8 23. Kg1 Be7 24. Ne5 Bxe2 25. Rxe2 b5 26. axb5 axb5 27. c5 Nbd7 28. Nf3 Ra8 29. Ra2 Rxa2 30. Qxa2 Ra8 31. Qb2 Qa6 32. Rb1 Bd8 33. Ne1 Nf8 34. Nc2 Bc7 35. Ra1 Qc8 36. Ra3 Nd5 37. Nxd5 exd5 38. Ne1 Rxa3 39. Qxa3 Ne6 40. Qa7 Bb8 41. Qb6 Bc7 42. Qa7 Bb8 43. Qb6 Bc7 1/2-1/2

[Event "Basel Hilton op 13th"]
[Site "Basel"]
[Date "2011.01.04"]
[Round "6"]
[White "Meyer, Bernhard"]
[Black "Haener, Philippe"]
[Result "1-0"]
[WhiteElo "2133"]
[BlackElo "2180"]
[PlyCount "61"]
[EventDate "2011.01.01"]
[EventType "swiss"]
[EventRounds "7"]
[EventCountry "SUI"]
[SourceTitle "EXT 2012"]
[Source "ChessBase"]
[SourceDate "2011.11.24"]
[SourceVersion "1"]
[SourceVersionDate "2011.11.24"]
[SourceQuality "1"]

1. g3 d5 2. Nf3 Nf6 3. Bg2 g6 4. b3 Bg7 5. Bb2 c5 6. c4 0-0 7. cxd5 Nxd5 8. Bxg7 Kxg7 9. 0-0 Nc6 10. d4 cxd4 11. Nxd4 Ndb4 12. Nxc6 Nxc6 13. Nc3 Qa5 14. Qc2 Nd4 15. Qb2 Kg8 16. Nd5 Nc6 17. b4 Qd8 18. Rfd1 Bd7 19. b5 Na5 20. Rac1 Rc8 21. Rxc8 Bxc8 22. Nf6+ exf6 23. Rxd8 Rxd8 24. h4 Be6 25. Qxf6 Rd1+ 26. Kh2 h5 27. Be4 Rd6 28. Bd3 b6 29. Qe5 Nb7 30. Be4 Rd7 31. Bc6 1-0

[Event "Basel Hilton op 13th"]
[Site "Basel"]
[Date "2011.01.01"]
[Round "1"]
[White "Haener, Philippe"]
[Black "Stojanovic, Mihajlo"]
[Result "0-1"]
[WhiteElo "2180"]
[BlackElo "2572"]
[PlyCount "101"]
[EventDate "2011.01.01"]
[EventType "swiss"]
[EventRounds "7"]
[EventCountry "SUI"]
[SourceTitle "EXT 2012"]
[Source "ChessBase"]
[SourceDate "2011.11.24"]
[SourceVersion "1"]
[SourceVersionDate "2011.11.24"]
[SourceQuality "1"]

1. d4 d5 2. c4 dxc4 3. Nf3 c5 4. e3 cxd4 5. Bxc4 Qc7 6. Bb5+ Bd7 7. Bxd7+ Nxd7 8. exd4 Ngf6 9. Nc3 Qc4 10. Qe2 Qxe2+ 11. Kxe2 e6 12. d5 exd5 13. Rd1 Nb6 14. Be3 Bb4 15. Bxb6 Bxc3 16. Be3 Ba5 17. Bg5 Bd8 18. Bxf6 Bxf6 19. Rxd5 Rc8 20. Rad1 Rc7 21. R1d2 0-0 22. Rd7 Rfc8 23. Rxc7 Rxc7 24. Kd1 h5 25. h4 Kf8 26. g3 Ke7 27. Re2+ Kd6 28. Rd2+ Ke6 29. Nd4+ Bxd4 30. Rxd4 Rd7 31. Rxd7 Kxd7 32. Kd2 Ke6 33. Ke3 Kf5 34. f3 f6 35. Kf2 g5 36. Ke3 gxh4 37. gxh4 b5 38. a3 a6 39. b3 Ke5 40. b4 Kf5 41. Ke2 Kf4 42. Kf2 f5 43. Ke2 Kg3 44. Ke3 Kxh4 45. Kf4 Kh3 46. Kxf5 h4 47. f4 Kg3 48. Ke5 h3 49. f5 h2 50. f6 h1Q 51. Ke6 0-1

[Event "Basel Hilton op 09th"]
[Site "Basel"]
[Date "2007.01.06"]
[Round "6"]
[White "Haener, Philippe"]
[Black "Lumsdon, Andrew"]
[Result "1-0"]
[WhiteElo "2204"]
[BlackElo "2047"]
[PlyCount "43"]
[EventDate "2007.01.01"]
[EventType "swiss"]
[EventRounds "7"]
[EventCountry "SUI"]
[SourceTitle "CBM 116 Extra"]
[Source "ChessBase"]
[SourceDate "2007.03.07"]
[SourceVersion "1"]
[SourceVersionDate "2007.03.07"]
[SourceQuality "1"]

1. e4 c6 2. d4 d5 3. Nc3 dxe4 4. Nxe4 Nf6 5. Ng5 h6 6. N5f3 Bf5 7. Bd3 e6 8. c3 Bxd3 9. Qxd3 Qc7 10. Ne2 Nbd7 11. Bf4 Bd6 12. Bxd6 Qxd6 13. h3 0-0-0 14. 0-0-0 Qd5 15. c4 Qa5 16. Nc3 Rhe8 17. Rhe1 Qf5 18. Qe3 g5 19. Ne5 Nxe5 20. dxe5 Rxd1+ 21. Rxd1 Nd7 22. Ne4 1-0

[Event "Basel Hilton op 08th"]
[Site "Basel"]
[Date "2006.01.04"]
[Round "4"]
[White "Hoffmann, Michael"]
[Black "Haener, Philippe"]
[Result "1/2-1/2"]
[WhiteElo "2462"]
[BlackElo "2215"]
[PlyCount "44"]
[EventDate "2006.01.01"]
[EventType "swiss"]
[EventRounds "7"]
[EventCountry "SUI"]
[SourceTitle "CBM 110 Extra"]
[Source "ChessBase"]
[SourceDate "2006.03.10"]
[SourceVersion "2"]
[SourceVersionDate "2006.03.10"]
[SourceQuality "1"]

1. e4 c5 2. Nf3 e6 3. Nc3 Nc6 4. d4 cxd4 5. Nxd4 Nf6 6. Ndb5 Bb4 7. a3 Bxc3+ 8. Nxc3 d5 9. exd5 exd5 10. Bd3 0-0 11. 0-0 d4 12. Ne2 Bg4 13. Bg5 Qd6 14. Qd2 Rfe8 15. Rfe1 Rad8 16. Ng3 h6 17. Bf4 Qf8 18. Nf5 Rd5 19. Ng3 g5 20. Ne4 Nxe4 21. Bxe4 Rxe4 22. Rxe4 Bf5 1/2-1/2

[Event "Basel Hilton op 06th"]
[Site "Basel"]
[Date "2004.01.01"]
[Round "2"]
[White "Haener, Philippe"]
[Black "Velicka, Petr"]
[Result "0-1"]
[WhiteElo "2221"]
[BlackElo "2458"]
[PlyCount "64"]
[EventDate "2004.01.01"]
[EventType "swiss"]
[EventRounds "7"]
[EventCountry "SUI"]
[SourceTitle "CBM 098 Extra"]
[Source "ChessBase"]
[SourceDate "2004.03.10"]
[SourceVersion "2"]
[SourceVersionDate "2004.03.10"]
[SourceQuality "1"]

1. d4 Nf6 2. c4 Nc6 3. Nf3 e6 4. Nc3 Bb4 5. Bg5 h6 6. Bd2 0-0 7. e3 d6 8. Bd3 e5 9. d5 Nb8 10. e4 Na6 11. a3 Bxc3 12. Bxc3 Nc5 13. Qc2 Nfxe4 14. Bxe4 f5 15. Bd3 e4 16. Be2 exf3 17. gxf3 a5 18. Rg1 Rf7 19. 0-0-0 Bd7 20. b3 Qh4 21. Rg2 Re8 22. Kb2 g5 23. f4 Rfe7 24. f3 Qxf4 25. Rd4 Qe3 26. h4 a4 27. hxg5 axb3 28. gxh6+ Kh7 29. Qd2 Qxe2 30. Rg7+ Rxg7 31. hxg7 Qxd2+ 32. Rxd2 Na4+ 0-1

[Event "SUI-chB"]
[Site "Basel"]
[Date "2004.??.??"]
[Round "?"]
[White "Haenggi, Markus"]
[Black "Haener, Philippe"]
[Result "0-1"]
[WhiteElo "2115"]
[BlackElo "2225"]
[PlyCount "52"]
[EventDate "2004.??.??"]
[EventType "tourn"]
[EventRounds "7"]
[EventCountry "SUI"]
[SourceTitle "EXT 2010"]
[Source "ChessBase"]
[SourceDate "2010.11.25"]
[SourceVersion "1"]
[SourceVersionDate "2010.11.25"]
[SourceQuality "1"]

1. e4 c6 2. c4 d5 3. cxd5 cxd5 4. exd5 Nf6 5. Nc3 Nxd5 6. Nf3 e6 7. Qb3 Be7 8. d4 0-0 9. Bd3 Nc6 10. 0-0 Bf6 11. Be3 Nxc3 12. bxc3 e5 13. Qc2 g6 14. Rfd1 exd4 15. Nxd4 Nxd4 16. Bxd4 Bxd4 17. cxd4 Bg4 18. f3 Be6 19. Be4 Bd5 20. Qc5 Bxe4 21. fxe4 Re8 22. e5 b6 23. Qa3 Qd5 24. Rac1 Rac8 25. Rxc8 Rxc8 26. Rd2 Qe4 0-1

[Event "SUI-chB"]
[Site "Basel"]
[Date "2004.??.??"]
[Round "?"]
[White "Wirz, Heinz"]
[Black "Haener, Philippe"]
[Result "0-1"]
[WhiteElo "2125"]
[BlackElo "2225"]
[PlyCount "70"]
[EventDate "2004.??.??"]
[EventType "tourn"]
[EventRounds "7"]
[EventCountry "SUI"]
[SourceTitle "EXT 2010"]
[Source "ChessBase"]
[SourceDate "2010.11.25"]
[SourceVersion "1"]
[SourceVersionDate "2010.11.25"]
[SourceQuality "1"]

1. d4 Nf6 2. c4 g6 3. Nc3 d5 4. cxd5 Nxd5 5. Bd2 Bg7 6. e4 Nxc3 7. Bxc3 0-0 8. Bc4 c5 9. Ne2 Bxd4 10. Bxd4 cxd4 11. Qxd4 Nc6 12. Qxd8 Rxd8 13. 0-0 Na5 14. Bd5 e6 15. Bb3 Rd2 16. Nc3 b6 17. Rfd1 Rxb2 18. Rd8+ Kg7 19. Bd1 Bb7 20. Rxa8 Bxa8 21. f3 Nc4 22. Rc1 Ne3 23. Be2 Rc2 24. Rxc2 Nxc2 25. Nb5 a5 26. Kf2 Bc6 27. Nd6 a4 28. Nc8 b5 29. Na7 b4 30. Bc4 Bd7 31. Ke2 b3 32. axb3 a3 33. b4 Nxb4 34. Kd2 a2 35. Bxa2 Nxa2 0-1

[Event "Baden VLS 0304"]
[Site "Baden"]
[Date "2003.12.07"]
[Round "3.3"]
[White "Raka, Ramadan"]
[Black "Haener, Philippe"]
[Result "1/2-1/2"]
[WhiteElo "2121"]
[BlackElo "2220"]
[PlyCount "121"]
[EventDate "2003.10.19"]
[EventType "team-tourn"]
[EventRounds "9"]
[EventCountry "GER"]
[SourceTitle "EXT 2022"]
[Source "ChessBase"]
[SourceDate "2021.10.06"]
[SourceVersion "1"]
[SourceVersionDate "2021.10.06"]
[SourceQuality "1"]
[WhiteTeam "Iffezheim"]
[BlackTeam "Dreisamtal"]
[WhiteTeamCountry "GER"]
[BlackTeamCountry "GER"]

1. d4 Nf6 2. Nf3 e6 3. Bf4 c5 4. e3 Nc6 5. c3 Qb6 6. Qb3 cxd4 7. exd4 Nd5 8. Bg3 f5 9. h3 Be7 10. Bc4 Na5 11. Qxb6 Nxb6 12. Bd3 0-0 13. Nbd2 d6 14. 0-0 Bd7 15. Rfe1 Rac8 16. Rac1 g5 17. Re2 Na4 18. Nb3 Nc4 19. Bxc4 Rxc4 20. Rce1 Rcc8 21. Na5 f4 22. Bh2 b6 23. Nb3 h5 24. h4 g4 25. Ng5 Bxg5 26. hxg5 h4 27. g3 hxg3 28. fxg3 f3 29. Rf2 Rf5 30. Nc1 Kf7 31. g6+ Kxg6 32. Re4 Rg5 33. Nd3 Kf6 34. Rd2 Bc6 35. Rf4+ Ke7 36. Nb4 Bd5 37. Kf2 Rh8 38. Ke3 a5 39. Nxd5+ exd5 40. Kd3 b5 41. Bg1 Rh3 42. Bf2 Rh1 43. Be3 Rg8 44. Bf2 Nb6 45. b3 Rc1 46. Be3 Nc4 47. Rh2 Rd1+ 48. Bd2 Rxd2+ 49. Rxd2 Nxd2 50. Kxd2 Rf8 51. Rxf8 Kxf8 52. Ke3 Kf7 53. a3 Ke6 54. Kd3 Kd7 55. Ke3 a4 56. b4 Ke6 57. Kd3 Kf6 58. Kd2 Kg6 59. Kd3 Kg5 60. Kd2 Kf5 61. Ke3 1/2-1/2

[Event "Oberliga Baden 0203"]
[Site "Germany"]
[Date "2003.03.30"]
[Round "9.5"]
[White "Haener, Philippe"]
[Black "Bogdanovich, Grigory Grigorievic"]
[Result "1/2-1/2"]
[WhiteElo "2193"]
[BlackElo "2401"]
[PlyCount "34"]
[EventDate "2002.10.20"]
[EventType "team-tourn"]
[EventRounds "9"]
[EventCountry "GER"]
[SourceTitle "EXT 2018"]
[Source "ChessBase"]
[SourceDate "2017.10.13"]
[SourceVersion "1"]
[SourceVersionDate "2017.10.13"]
[SourceQuality "1"]
[WhiteTeam "Dreisamtal"]
[BlackTeam "Bad Mergentheim"]
[WhiteTeamCountry "GER"]
[BlackTeamCountry "GER"]

1. d4 d5 2. c4 e6 3. Nc3 c6 4. Nf3 Nd7 5. e4 dxe4 6. Nxe4 Ngf6 7. Bd3 Nxe4 8. Bxe4 Nf6 9. Bc2 Bb4+ 10. Bd2 Qa5 11. 0-0 Bxd2 12. Qxd2 Qxd2 13. Nxd2 b6 14. c5 Ba6 15. Rfc1 0-0-0 16. Nf3 Kb7 17. Ba4 Bb5 1/2-1/2

[Event "Oberliga Baden 0203"]
[Site "Germany"]
[Date "2003.02.09"]
[Round "6.5"]
[White "Milosevic, Goran"]
[Black "Haener, Philippe"]
[Result "1-0"]
[WhiteElo "2387"]
[BlackElo "2193"]
[PlyCount "155"]
[EventDate "2002.10.20"]
[EventType "team-tourn"]
[EventRounds "9"]
[EventCountry "GER"]
[SourceTitle "EXT 2018"]
[Source "ChessBase"]
[SourceDate "2017.10.13"]
[SourceVersion "1"]
[SourceVersionDate "2017.10.13"]
[SourceQuality "1"]
[WhiteTeam "Konstanz"]
[BlackTeam "Dreisamtal"]
[WhiteTeamCountry "GER"]
[BlackTeamCountry "GER"]

1. e4 c5 2. Nf3 d6 3. d4 cxd4 4. Nxd4 Nf6 5. Nc3 a6 6. Bg5 e6 7. f4 Be7 8. Qf3 Qc7 9. 0-0-0 Nbd7 10. Bd3 h6 11. Qh3 Nb6 12. Rhe1 e5 13. Nf5 Bxf5 14. exf5 0-0-0 15. Bxf6 Bxf6 16. Ne4 d5 17. Nxf6 gxf6 18. Qh4 e4 19. Bf1 Rd6 20. Rd4 Rc6 21. Qf2 Kb8 22. Re3 Rc8 23. c3 Rd8 24. g3 Qc8 25. g4 Qc7 26. Kb1 Nc4 27. Bxc4 Rxc4 28. Rxc4 Qxc4 29. b3 Qc5 30. Qd2 d4 31. Rxe4 Qxc3 32. Qxc3 dxc3 33. Kc2 Rd2+ 34. Kxc3 Rxh2 35. Re8+ Kc7 36. Re7+ Kc8 37. Rxf7 Rf2 38. Rxf6 Rxf4 39. Rxh6 Rxg4 40. Rh8+ Kd7 41. Rh7+ Kc6 42. f6 Rf4 43. f7 a5 44. a3 Kd6 45. Kd3 Ke6 46. a4 Kd6 47. Ke3 Rf1 48. Ke4 Rf2 49. f8Q+ Rxf8 50. Rxb7 Kc6 51. Rb5 Rd8 52. Ke5 Rd3 53. Ke4 Rd8 54. Ke3 Rd7 55. Ke2 Rd8 56. Rg5 Rb8 57. Rg3 Kc5 58. Kd2 Rd8+ 59. Kc3 Rd5 60. Rg6 Rh5 61. Ra6 Rh3+ 62. Kb2 Rh5 63. Ka3 Kd4 64. Rb6 Rg5 65. Rc6 Rg2 66. Rd6+ Ke4 67. Rd8 Rh2 68. Rb8 Rh5 69. Rb5 Rd5 70. Rb8 Rd2 71. Re8+ Kf5 72. Re7 Kf4 73. Rh7 Ke4 74. Rh4+ Kd3 75. Rh5 Kc2 76. Rxa5 Kc3 77. Rc5+ Kd4 78. Rc8 1-0

[Event "Oberliga Baden 0203"]
[Site "Germany"]
[Date "2003.01.12"]
[Round "4.6"]
[White "Haener, Philippe"]
[Black "Schafranietz, Sebastian"]
[Result "0-1"]
[WhiteElo "2193"]
[BlackElo "2241"]
[PlyCount "38"]
[EventDate "2002.10.20"]
[EventType "team-tourn"]
[EventRounds "9"]
[EventCountry "GER"]
[SourceTitle "EXT 2018"]
[Source "ChessBase"]
[SourceDate "2017.10.13"]
[SourceVersion "1"]
[SourceVersionDate "2017.10.13"]
[SourceQuality "1"]
[WhiteTeam "Dreisamtal"]
[BlackTeam "Untergrombach"]
[WhiteTeamCountry "GER"]
[BlackTeamCountry "GER"]

1. d4 d5 2. Nf3 c5 3. c4 e6 4. cxd5 exd5 5. Nc3 Nc6 6. g3 Nf6 7. Bg2 Be7 8. 0-0 0-0 9. dxc5 Bxc5 10. Na4 Be7 11. b3 Bg4 12. Bb2 Re8 13. Rc1 Ne4 14. Ne1 Bg5 15. f3 Be3+ 16. Kh1 Nxg3+ 17. hxg3 Qg5 18. Bh3 Qh5 19. Rf2 Qxh3+ 0-1

[Event "SUI-chT"]
[Site "Switzerland"]
[Date "1994.??.??"]
[Round "8"]
[White "Haener, Philippe"]
[Black "Valencak, Stanislav"]
[Result "1-0"]
[WhiteElo "1985"]
[BlackElo "2065"]
[PlyCount "63"]
[EventDate "1994.??.??"]
[EventType "team-tourn"]
[EventRounds "9"]
[EventCountry "SUI"]
[SourceTitle "EXT 2000"]
[Source "ChessBase"]
[SourceDate "1999.11.16"]
[SourceVersion "1"]
[SourceVersionDate "1999.11.16"]
[SourceQuality "1"]

1. d4 Nf6 2. Nf3 d5 3. c4 e6 4. Bg5 c6 5. e3 Be7 6. Nc3 h6 7. Bh4 Nbd7 8. Bd3 dxc4 9. Bxc4 b5 10. Bd3 Bb7 11. 0-0 b4 12. Na4 0-0 13. Rc1 Qa5 14. Nd2 Rfc8 15. Nc4 Qd8 16. e4 c5 17. e5 Ne8 18. Bxe7 Qxe7 19. Na5 Bd5 20. Bc4 Nc7 21. Nxc5 Nxc5 22. dxc5 Qxc5 23. Bxd5 Qxd5 24. Nc6 Kf8 25. Qg4 a5 26. Rfd1 Qxa2 27. Rd7 Nd5 28. Qf3 Nf6 29. exf6 g6 30. Qe3 g5 31. Qc5+ Kg8 32. Ne7+ 1-0